Green Day Lyrics - Stab You in the Heart - Statistics

General Stats
  • This quiz has been taken 10 times
  • The average score is 102 of 148
Answer Stats
Stab You in The Heart % Correct
a
100%
I
100%
in
100%
the
100%
wanna
100%
when
100%
you
100%
heart
86%
heart,
86%
it
86%
stab
86%
and
71%
And
71%
can
71%
now
71%
see
71%
you're
71%
coming
57%
dirty
57%
do
57%
down
57%
everybody
57%
head
57%
just
57%
Kick
57%
lie
57%
magazine
57%
my
57%
on
57%
switchblade
57%
Telling
57%
to
57%
With
57%
ain't
43%
Baby
43%
bloody,
43%
bloody
43%
chest
43%
Dagger
43%
dead
43%
don't
43%
fake
43%
For
43%
heaven's
43%
know
43%
lies,
43%
Right
43%
right
43%
sake,
43%
front
29%
infidel
29%
news
29%
ooh
29%
page
29%
Pictures
29%
Daggers
14%
edge
14%
eyes
14%
Gimme
14%
gonna
14%
rusty
14%
some
14%
stiletto,
14%
surgery
14%
tambourine
14%
No matching quizzes found
Score Distribution
Percent of People with Each Score
Percentile by Number Answered
Your Score History
You have not taken this quiz